Statistiques concernant Quiz de notre relation

Cliquez ici pour prendre le quiz!

Statistiques générales

  • Ce quiz a été pris 12 fois
  • Le résultat moyen est 6 sur 15

Statistiques - réponses

QuestionRéponse% Correct
après ca sert a rien de continuer je suis obligé de faire 15 questions (flemme)clique ici
67%
bon t'as fait plus de la moitié là tqtcool
67%
Alors dcp, selon toi, ou vais-je t'emmener pour ton anniversaire ?Aucune des propositions, faudrait pas que je te spoil non plus
58%
Parmis ces cadeaux, trouve l’intru (celui que je ne t’ai jamais offert) :Aucun intru
58%
Selon toi, ou vais-je t'emmener pour ton anniversaire ?La réponse est peut être à la question suivante
58%
Toujours pareil : Parmis ces cadeaux, trouve l’intru (celui que je ne t’ai jamais offert) :Un permis de conduire (t'en aurais bien besoin LOL)
50%
sinon ça va toi ?clique
42%
A qu'elle occasion avons nous tissé une première complicité / drague ?Lors de l’anniversaire de Romane quand tu étais le zidane de mon coeur
42%
Quel est le message qui t’as fait le plus d’effet ?Ou un message de seulement 4 mots dont le sens était “VIENS.”
42%
Toujours pareil : Parmis ces cadeaux, trouve l’intru (celui que je ne t’ai jamais offert), parce que je pouvais pas faire une question avec plus de 4 propositionsUn super vélo parce que c’est ton moyen de locomotion favoris et que je te connais par coeur
33%
Sur quel mont a était prise la photo finale de Rouen ?La côte sainte-Catherine
25%
Tu vois la photo que tu as dans ta chambre, ou nous notre visage est a moitié caché devant un couché de soleil ? Et bien il s'était passé quoi juste avant cette photo ?Une première déclaration d’amour solennelle devant l’immensité du soleil, face à ta beauté sans pareil
25%
Laquelle de ses promesses a été réalisé ?Aucune (pour le moment...)
17%
Où à t'on fait du sexe et choqué le groupe ?l'endroit où je t'ai rencontré, puis pécho, puis baisé
8%
Bien joué, un conseil, copie colle ce lien : https://discord.gg/vkEt3E5Foui maitre
0%

Distribution des résultats

Percentile par nombre de réponses

% des personnes avec chaque résultat

Votre développement - résultats

Vous n’avez pas pris ce quiz